Engineering economy (Record no. 4218)

000 -LEADER
fixed length control field 00580nam a2200229 i 4500
001 - CONTROL NUMBER
control field 4218
003 - CONTROL NUMBER IDENTIFIER
control field BD-DhUET
008 - FIXED-LENGTH DATA ELEMENTS--GENERAL INFORMATION
fixed length control field 780213s1979 nyua b 001 0 eng
020 ## - INTERNATIONAL STANDARD BOOK NUMBER
International Standard Book Number 002328160X
040 ## - CATALOGING SOURCE
Original cataloging agency DLC
Transcribing agency DLC
Modifying agency BD-DhUET
082 ## - DEWEY DECIMAL CLASSIFICATION NUMBER
Classification number 658.92
Item number DEG/1979
100 1# - MAIN ENTRY--PERSONAL NAME
Personal name DeGarmo, E. Paul
245 10 - TITLE STATEMENT
Title Engineering economy
250 ## - EDITION STATEMENT
Edition statement 6th ed.
260 ## - PUBLICATION, DISTRIBUTION, ETC. (IMPRINT)
Place of publication, distribution, etc. London
Name of publisher, distributor, etc. Macmillan
Date of publication, distribution, etc. 1979
300 ## - PHYSICAL DESCRIPTION
Extent xv, 576p.
Other physical details ill.
Dimensions 24 cm.
504 ## - BIBLIOGRAPHY, ETC. NOTE
Bibliography, etc Includes bibliographies
650 #0 - SUBJECT ADDED ENTRY--TOPICAL TERM
Topical term or geographic name as entry element Engineering economy
700 ## - ADDED ENTRY--PERSONAL NAME
Personal name Canada, John R.
700 ## - ADDED ENTRY--PERSONAL NAME
Personal name Sullivan, William G.
942 ## - ADDED ENTRY ELEMENTS (KOHA)
Koha item type General Book
Holdings
Koha issues (times borrowed) Koha normalized classification for sorting Not for loan Koha date last seen Withdrawn status Price effective from Koha full call number Date acquired Koha item type Damaged status Copy number Location (home branch) Lost status Source of classification or shelving scheme Sublocation or collection (holding branch) Koha date last borrowed Piece designation (barcode) Shelving location
1658_920000000000000_DEG_1979 2024-12-03 2014-11-13658.92/DEG/19792014-11-13General Book 1Central Library, BUET  Central Library, BUET2024-10-2871365Circulation section
 658_920000000000000_DEG_1979 2015-02-28 2015-02-28658.92/DEG/19792015-02-28General Book 2Central Library, BUET  Central Library, BUET 65414Circulation section
 658_920000000000000_DEG_1979 2015-02-28 2015-02-28658.92/DEG/19792015-02-28General Book 3Central Library, BUET  Central Library, BUET 65112Circulation section
 658_920000000000000_DEG_1979 2015-02-28 2015-02-28658.92/DEG/19792015-02-28General Book 4Central Library, BUET  Central Library, BUET 65410Circulation section
 658_920000000000000_DEG_1979 2015-02-28 2015-02-28658.92/DEG/19792015-02-28General Book 5Central Library, BUET  Central Library, BUET 65107Circulation section
 658_920000000000000_DEG_1979 2015-03-04 2015-03-04658.92/DEG/19792015-03-04General Book 6Central Library, BUET  Central Library, BUET 14958Circulation section